Pump up the volume (Record no. 79199)
[ view plain ]
| 000 -LEADER | |
|---|---|
| fixed length control field | 00983cab a22002055a 4500 |
| 001 - CONTROL NUMBER | |
| control field | L140112 |
| 008 - FIXED-LENGTH DATA ELEMENTS--GENERAL INFORMATION | |
| fixed length control field | 070904e20070831xxka f 000 0 eng d |
| 035 ## - SYSTEM CONTROL NUMBER | |
| System control number | (Sirsi) u140112 |
| 041 0# - LANGUAGE CODE | |
| Language code of text/sound track or separate title | eng |
| 100 1# - MAIN ENTRY--PERSONAL NAME | |
| Personal name | Spring, Martin |
| 245 00 - TITLE STATEMENT | |
| Title | Pump up the volume |
| 260 ## - PUBLICATION, DISTRIBUTION, ETC. | |
| Date of publication, distribution, etc. | 2007 |
| 490 #0 - SERIES STATEMENT | |
| Series statement | Building |
| Volume/sequential designation | 272(8495) 31 August 2007, 38-42(5) |
| 520 ## - SUMMARY, ETC. | |
| Summary, etc. | Reports on the latest advances in volumetric construction. Looks at the design and technology, benefits and output of the following volumetric construction companies: Yorkon, Cartwright Pickard/Genesis, Verbus, Spaceover, and Elements Europe. Notes that companies such as Spaceover who are keen to infiltrate the housing sector have a long way to go as currently volumetric construction only produces around 350 housing units a year, just 0.2% of the total national output. |
| 590 ## - LOCAL NOTE (RLIN) | |
| Local note | KA |
| 650 24 - SUBJECT ADDED ENTRY--TOPICAL TERM | |
| Topical term or geographic name entry element | VOLUMETRIC CONSTRUCTION |
| 651 #4 - SUBJECT ADDED ENTRY--GEOGRAPHIC NAME | |
| Geographic name | United Kingdom |
| Chronological subdivision | |
| 690 ## - LOCAL SUBJECT ADDED ENTRY--TOPICAL TERM (OCLC, RLIN) | |
| Topical term or geographic name as entry element | BUILT ENVIRONMENT-CONSTRUCTION DESIGN |
| 942 ## - ADDED ENTRY ELEMENTS (KOHA) | |
| Suppress in OPAC | 0 |
| Withdrawn status | Lost status | Source of classification or shelving scheme | Damaged status | Not for loan | Home library | Current library | Shelving location | Date acquired | Total Checkouts | Full call number | Barcode | Date last seen | Copy number | Price effective from | Koha item type |
|---|---|---|---|---|---|---|---|---|---|---|---|---|---|---|---|
| Dewey Decimal Classification | London | London | Journal article | 04/09/2007 | L140112 | 140112-1001 | 06/08/2019 | 1 | 06/08/2019 | Journal article |